[Event "Berlin Lichtenberger op 17th"]
[Site "Berlin"]
[Date "2018.08.26"]
[Round "9"]
[White "Jecht, Christian"]
[Black "Metzinger, Hannes"]
[Result "0-1"]
[WhiteElo "1914"]
[BlackElo "1734"]
[PlyCount "70"]
[EventDate "2018.08.18"]
[EventType "swiss"]
[EventRounds "9"]
[EventCountry "GER"]
[SourceTitle "CBM 186 Extra"]
[Source "ChessBase"]
[SourceDate "2018.08.24"]
[SourceVersion "1"]
[SourceVersionDate "2018.08.24"]
[SourceQuality "1"]

1. e4 e5 2. Bc4 Nf6 3. d4 exd4 4. Nf3 Nc6 5. 0-0 Bc5 6. e5 d5 7. exf6 dxc4 8. Re1+ Be6 9. Ng5 Qd5 10. Nc3 Qf5 11. Nce4 0-0-0 12. g4 Qxg4+ 13. Qxg4 Bxg4 14. Nxc5 gxf6 15. f3 fxg5 16. fxg4 h5 17. Bd2 f6 18. Re6 Rd5 19. Ne4 Re5 20. Rxe5 Nxe5 21. Rf1 hxg4 22. Rxf6 Nf3+ 23. Rxf3 gxf3 24. Bxg5 Re8 25. Ng3 Re1+ 26. Kf2 Rb1 27. b3 Rb2 28. h4 Rxc2+ 29. Kxf3 cxb3 30. axb3 Rc3+ 31. Kf2 Kd7 32. h5 Ke8 33. Nf5 Rc5 34. Ng7+ Kf7 35. Ne6 Kxe6 0-1

[Event "Berlin Lichtenberger op 17th"]
[Site "Berlin"]
[Date "2018.08.23"]
[Round "6"]
[White "Metzinger, Hannes"]
[Black "Krawatzki, Armin"]
[Result "1-0"]
[WhiteElo "1734"]
[BlackElo "1654"]
[PlyCount "49"]
[EventDate "2018.08.18"]
[EventType "swiss"]
[EventRounds "9"]
[EventCountry "GER"]
[SourceTitle "CBM 186 Extra"]
[Source "ChessBase"]
[SourceDate "2018.08.24"]
[SourceVersion "1"]
[SourceVersionDate "2018.08.24"]
[SourceQuality "1"]

1. e4 e6 2. d4 d5 3. Nd2 Be7 4. e5 c5 5. c3 Nc6 6. Bd3 Nh6 7. Ne2 0-0 8. Nf3 Nf5 9. 0-0 c4 10. Bc2 f6 11. Bf4 fxe5 12. Bxe5 Bd7 13. Ng3 Nxg3 14. Bxg3 Bf6 15. Re1 Qb6 16. Qd2 Rae8 17. Ne5 Qd8 18. Qd1 Nxe5 19. dxe5 Bg5 20. h4 Bf4 21. Qh5 g6 22. Bxg6 hxg6 23. Qxg6+ Kh8 24. Bxf4 Rxf4 25. Qh6+ 1-0

[Event "Berlin Lichtenberger op 17th"]
[Site "Berlin"]
[Date "2018.08.22"]
[Round "5"]
[White "Bartoszewski Reiski, Olaf"]
[Black "Metzinger, Hannes"]
[Result "1-0"]
[WhiteElo "1873"]
[BlackElo "1734"]
[PlyCount "49"]
[EventDate "2018.08.18"]
[EventType "swiss"]
[EventRounds "9"]
[EventCountry "GER"]
[SourceTitle "CBM 186 Extra"]
[Source "ChessBase"]
[SourceDate "2018.08.24"]
[SourceVersion "1"]
[SourceVersionDate "2018.08.24"]
[SourceQuality "1"]

1. e4 e5 2. Bc4 Nf6 3. d3 Bc5 4. Nc3 d6 5. f4 Ng4 6. f5 h5 7. Qf3 Nf2 8. Nh3 Nxh1 9. Ng5 Rf8 10. Qxh5 g6 11. fxg6 Qf6 12. gxf7+ Kd7 13. Nf3 c6 14. Bg5 Bf2+ 15. Ke2 Qh8 16. Qxh8 Rxh8 17. Rxh1 Bd4 18. Bf6 Rf8 19. Bg7 Ke7 20. Bxf8+ Kxf8 21. Ng5 Nd7 22. Rf1 Nb6 23. Nh7+ Kg7 24. f8Q+ Kxh7 25. Rf7+ 1-0

[Event "Berlin Lichtenberger op 17th"]
[Site "Berlin"]
[Date "2018.08.19"]
[Round "2"]
[White "Metzinger, Hannes"]
[Black "Korek, Jakob Alexander"]
[Result "1-0"]
[WhiteElo "1734"]
[BlackElo "1498"]
[PlyCount "61"]
[EventDate "2018.08.18"]
[EventType "swiss"]
[EventRounds "9"]
[EventCountry "GER"]
[SourceTitle "CBM 186 Extra"]
[Source "ChessBase"]
[SourceDate "2018.08.24"]
[SourceVersion "1"]
[SourceVersionDate "2018.08.24"]
[SourceQuality "1"]

1. e4 c5 2. Nf3 e6 3. d4 cxd4 4. Nxd4 Nf6 5. Nc3 d6 6. g4 Nc6 7. g5 Nd7 8. Be3 Nb6 9. f4 Be7 10. h4 d5 11. Bb5 Bd7 12. exd5 Nxd5 13. Nxd5 exd5 14. Qf3 Nxd4 15. Bxd7+ Qxd7 16. Bxd4 Qe6+ 17. Kd2 Rg8 18. Rae1 Qc6 19. Qe3 Qe6 20. Qc3 Qc6 21. Qxc6+ bxc6 22. Bc5 Kd8 23. Rxe7 Rf8 24. Rhe1 a6 25. Bb6+ Kc8 26. Rc7+ Kb8 27. Ree7 a5 28. Rb7+ Kc8 29. Rec7+ Kd8 30. Rxf7+ Kc8 31. Rbc7+ 1-0